Skúsenosti z Nemecka

Opatrenia Spolkovej vlády na odstránenie zvyšujúceho sa deficitu cenovo prijateľných bytov. Otázky týkajúce sa vhodnosti politiky zameranej na podporu ponuky pri riešení súčasných problémov na trhu s bytmi ako aj na hodnotenie používania jej jednotlivých opatrení. Bytová politika zameraná na zvýšeni...

Ausführliche Beschreibung

Gespeichert in:
Bibliographische Detailangaben
1. Verfasser: Daneková, Z.
Format: Buchkapitel
Sprache:Slowakisch
Schlagworte:
Tags: Tag hinzufügen
Keine Tags, Fügen Sie das erste Tag hinzu!

MARC

LEADER 00000naa a2200000 4500
001 r015355
005 20221213082728.7
041 0 |a slo 
044 |a CZ 
245 1 0 |a Skúsenosti z Nemecka  |c Z. Daneková 
520 |a Opatrenia Spolkovej vlády na odstránenie zvyšujúceho sa deficitu cenovo prijateľných bytov. Otázky týkajúce sa vhodnosti politiky zameranej na podporu ponuky pri riešení súčasných problémov na trhu s bytmi ako aj na hodnotenie používania jej jednotlivých opatrení. Bytová politika zameraná na zvýšenie ponuky bytov. Voľne financovaná bytová výstavba. Sociálna výstavba bytov. Premena nájomných bytov. Zabezpečenie stavebných pozemkov. 
610 2 0 |a politika bytová 
610 2 0 |a byty 
610 2 0 |a Nemecko 
610 2 0 |a výstavba bytová 
610 2 0 |a financovanie 
610 2 0 |a modernizácia 
610 2 0 |a bývanie 
100 1 |a Daneková, Z.